[Event "Pan American-ch U14"]
[Site "Guayaquil"]
[Date "2019.07.25"]
[Round "7"]
[White "Reyes Zavaleta, Diego Alexander"]
[Black "Guaman Flores, Santiago Andres"]
[Result "1-0"]
[WhiteElo "1345"]
[BlackElo "1161"]
[PlyCount "63"]
[EventDate "2019.07.21"]
[EventType "swiss"]
[EventRounds "9"]
[EventCountry "ECU"]
[SourceTitle "EXT 2020"]
[Source "ChessBase"]
[SourceDate "2019.10.17"]
[SourceVersion "1"]
[SourceVersionDate "2019.10.17"]
[SourceQuality "1"]

1. d4 Nf6 2. c4 e6 3. g3 Bb4+ 4. Bd2 Bxd2+ 5. Nxd2 d5 6. Ngf3 0-0 7. Bg2 b6 8. 0-0 Nbd7 9. Ne5 Bb7 10. Nxd7 Qxd7 11. Rc1 Rac8 12. c5 Qb5 13. b3 Ba6 14. Re1 Qc6 15. e3 Nd7 16. b4 Rb8 17. Nb3 bxc5 18. bxc5 Qa4 19. Qd2 Bc4 20. Ra1 Qb4 21. Qxb4 Rxb4 22. Na5 a6 23. a3 Ra4 24. Nxc4 Rxc4 25. Bf1 Ra4 26. Reb1 Rb8 27. Rxb8+ Nxb8 28. Rb1 Nc6 29. Rb7 g6 30. Rxc7 Na5 31. Ra7 Rxa3 32. Rxa6 1-0